00439 2200169 4500001002100000005001500021035001900036245004300055100001800098300003600116260004200152082000700194084001300201020002100214990001700235990001700252INLIS00000000000279320260129012047$a 0010-0126000205$a Aku Selalu Bersyukur /$c Desi Damayanti$a Desi Damayanti$a 28 hlm : $b ilus ; $c 15 x 21 cm$a Jawa Barat :$b CV Bina Pustaka,$c 2020$a 813$a 813 DES a$a 978-979-093-565-5$a 1182/2025 c.1$a 1183/2025 c.2